00502cam a2200181 a 4500020002200000040000800022082002600030245006000056250001200116260003200128300002900160650002100189650002100210650002600231650001900257700002300276700002100299 a039396194X (pbk.) cDLC00a808 NOR 1992 A094 Or.04aThe Norton reader :ban anthology of expository prose / a8th ed. aNew York :bNorton,cc1992. axxxii, 1286 p. ;c22 cm. 0aCollege readers. 0aEnglish language 0aExposition (Rhetoric) 0aReport writing1 aEastman, Arthur M.1 aBlake, Caesar R.